<Die> Ausbildung und Schulung von Marketing-Beratern is überfällig. Makrtbearbeitung in Ländern Ost-Europas.
Nenasýtený trh pre marketingové poradenstvo v krajinách východnej Európy. Potreba školenia marketingových poradcov. Zaškoľovanie absolventov vysokých škôl v poradenských firmách. Orientácia vysokých škôl na problematiku poradenstva. Potreba širokozaloženej akcie na prípravu poradcov. Znalosti, ktoré...
Salvato in:
| Autore principale: | |
|---|---|
| Natura: | Capitolo di libro |
| Lingua: | tedesco |
| Soggetti: | |
| Tags: |
Nessun Tag, puoi essere il primo ad aggiungerne!!
|
MARC
| LEADER | 00000naa a2200000 4500 | ||
|---|---|---|---|
| 001 | r012620 | ||
| 005 | 20220826093706.7 | ||
| 041 | 0 | |a ger | |
| 044 | |a DE | ||
| 245 | 1 | 0 | |a <Die> Ausbildung und Schulung von Marketing-Beratern is überfällig. |b Makrtbearbeitung in Ländern Ost-Europas. |c K.-H. Trothmann |
| 520 | |a Nenasýtený trh pre marketingové poradenstvo v krajinách východnej Európy. Potreba školenia marketingových poradcov. Zaškoľovanie absolventov vysokých škôl v poradenských firmách. Orientácia vysokých škôl na problematiku poradenstva. Potreba širokozaloženej akcie na prípravu poradcov. Znalosti, ktoré potrebuje marketingový poradca vo východnej Európe. | ||
| 610 | 2 | 0 | |a marketing |
| 610 | 2 | 0 | |a poradenstvo |
| 610 | 2 | 0 | |a východná Európa |
| 610 | 2 | 0 | |a hospodárstvo trhové |
| 610 | 2 | 0 | |a vzdelávanie |
| 610 | 2 | 0 | |a príprava odborná |
| 610 | 2 | 0 | |a poradcovia |
| 610 | 2 | 0 | |a západná Európa |
| 100 | 1 | |a Trothmann, K.-H. | |